UBT Library

The historical figure of Jesus / (Record no. 39927)

000 -LEADER
fixed length control field 00683pam a2200229 a 4500
001 - CONTROL NUMBER
control field 3033598
005 - DATE AND TIME OF LATEST TRANSACTION
control field 20180109074844.0
008 - FIXED-LENGTH DATA ELEMENTS--GENERAL INFORMATION
fixed length control field 950712r19961993nyu b 001 0beng
010 ## - LIBRARY OF CONGRESS CONTROL NUMBER
LC control number 95022877
020 ## - INTERNATIONAL STANDARD BOOK NUMBER
International Standard Book Number 0140144994 (pbk.)
040 ## - CATALOGING SOURCE
Original cataloging agency DLC
Transcribing agency DLC
Modifying agency DLC
041 ## - LANGUAGE CODE
Language code of text/sound track or separate title eng
080 ## - UNIVERSAL DECIMAL CLASSIFICATION NUMBER
Universal Decimal Classification number 232.908
082 00 - DEWEY DECIMAL CLASSIFICATION NUMBER
Classification number 232.908 SAN
Edition number 20
100 1# - Rafti
Rafti 24
101 ## - Shkurtesa
Shkurtesa TEO
245 14 - TITLE STATEMENT
Title The historical figure of Jesus /
Statement of responsibility, etc E.P. Sanders.
504 ## - BIBLIOGRAPHY, ETC. NOTE
Bibliography, etc Includes bibliographical references (p. 292-[314]) and indexes.
906 ## - LOCAL DATA ELEMENT F, LDF (RLIN)
a 7
b cbc
c orignew
d 1
e ocip
f 19
g y-gencatlg
942 ## - ADDED ENTRY ELEMENTS (KOHA)
Source of classification or shelving scheme
Item type Books
Holdings
Withdrawn status Lost status Source of classification or shelving scheme Damaged status Not for loan Collection code Permanent location Current location Shelving location Date acquired Total Checkouts Full call number Barcode Date last seen Price effective from Koha item type
          Koleksioni i përgjithshem UBT - Lipjan UBT - Lipjan Koleksioni i përgjithshem 01/09/2018   232.908 SAN 002-2995212 01/09/2018 01/09/2018 Books
UBT Library © 2015-2024. All rights reserved University Education for Business and Technology